000 01089nam a2200277Ia 4500
003 OSt
005 20221005110933.0
006 a|||||r|||| 00| 0
007 ta
008 221004b |||||||| |||| 00| 0 hin d
020 _a9788126720132 (pbk)
_c195
024 _a5042
037 _b48, 02/07/2013, University Book House
_cTextual
040 _aCRL
_cCRL
_bhin
041 _2hin
_ahin
082 _aO152,3v, P8
100 _aराय, गोपाल
245 0 _aहिन्दी कहानी का इतिहास 1900-1950
246 _aHindī kahānī kā itihās 1900-1950
260 _aनई दिल्ली
_bराजकमल प्रकाशन भारत
_c2011
300 _a480पृ0
_ccm.
490 _aथ्ल्न्च् क्ब्.1 भ्प्छक्प्.2 अन्य सहायक पुस्तकें 1
650 _aहिन्दी साहित्य
942 _hO152,3v, P8
_cTEXL
_2cc
999 _c1020314
_d1020314